Financial and cost analysis for engineering and technology management

Αποθηκεύτηκε σε:
Λεπτομέρειες βιβλιογραφικής εγγραφής
Κύριος συγγραφέας: Riggs, Henry E.
Μορφή: Βιβλίο
Γλώσσα:English
Δημοσίευση: New York : John Wiley & Sons, c1994
Σειρά:Wiley series in engineering and technology management
Θέματα:
Ετικέτες: Προσθήκη ετικέτας
Δεν υπάρχουν, Καταχωρήστε ετικέτα πρώτοι!

MARC

LEADER 00000nam a2200000 i 4500
001 1/14308
008 001204s1994 eng d
020 |a 0-471-57415-5 
035 |l 10064952 
040 |a GR-MY-UA  |b gre  |e aacr 
041 0 |a eng 
082 0 |a 657 
100 1 |a Riggs, Henry E. 
245 1 0 |a Financial and cost analysis for engineering and technology management /  |c Henry E. Riggs 
260 |a New York :   |b John Wiley & Sons,   |c c1994 
300 |a xviii, 466 p. 
490 1 |a Wiley series in engineering and technology management 
650 0 0 |a Accounting. 
830 0 |a Wiley series in engineering and technology management 
852 |a INST  |b CHIOS  |e 20001204  |h 657 RIG  |p 005200017137  |q 005200017137  |t BK  |y 0 
901 |a BIBL2-2000-3 
909 |a Χ  |b 082456 
922 |a 2ΕΛΗ  |b 200010  |c ΤΜΟΔ  |d ΜΙΧΑΛΟΠΟΥΛΟΣ 
950 |a 186-2000-09-15 
970 |a ΣΠΕΝΤΖΑ  |b ΕΛΕΝΗ  |z 2000/12/19